| 000 | 00969nam a2200265 a 4500 | ||
|---|---|---|---|
| 001 | 13942792 | ||
| 008 | 161207s2004 ||||||||||||||||| || u | ||
| 010 | _a2005391406 | ||
| 020 | _a0340816902 (pbk.) | ||
| 050 | _aQE570 .A85 2004 | ||
| 100 | _aAtkinson, David | ||
| 245 | 1 | 0 |
_aWeathering, slopes and landforms _cDavid Atkinson. |
| 260 |
_aLondon _bHodder & Stoughton _c2004 |
||
| 300 | _avi, 127, [2] p. : ill., maps ; 22 cm. | ||
| 490 | _aAccess to geography | ||
| 500 | _aIncludes bibliographical references (p. [128-129]) and index. | ||
| 650 | 0 | _aHUMAN ECOLOGY | |
| 650 | 6 | _aMétéorisation (Géomorphologie) | |
| 650 | 6 | _aÉcologie humaine | |
| 650 | 0 | _aLANDFORMS | |
| 650 | 0 | _aWEATHERING | |
| 650 | 6 | _aRelief (Géographie) | |
| 856 | _uhttp://www.loc.gov/catdir/enhancements/fy0627/2005391406-d.html | ||
| 995 |
_FCBU-MAIN LIBRARY (Kitwe) _UAVAILABLE _WDec 7, 2016 _ZMain Library Open Access Collection |
||
| 999 |
_c61560 _d61560 |
||